| 000 | 00726nam a2200241Ia 4500 | ||
|---|---|---|---|
| 003 | GCL | ||
| 008 | 140319s9999 xx 000 0 ara d | ||
| 040 |
_aGCL / _cGCL |
||
| 082 | 0 | 4 |
_a149.1 _bس ت |
| 100 | 1 | _aحسن حنفى | |
| 245 | 1 | 0 |
_aتعالى الانا موجود / _cحسن حنفى |
| 700 | 1 | _aسارتر ، جان بول | |
| 250 | _aالاولى | ||
| 260 |
_aبيروت : _bدار التنوير للطباعة والنشر ، _c1982 |
||
| 300 |
_a111 ص ؛ _c20 سم |
||
| 650 | 0 | 4 | _aالوجودية |
| 650 | 0 | 4 | _aالفلسفة الوجودية |
| 650 | 0 | 4 | _aالانا |
| 650 | 0 | 4 | _aسارتر، جان بول |
| 650 | 0 | 4 | _aالوجود |
| 650 | 0 | 4 | _aالانا والذات |
| 942 |
_2ddc _cBK |
||
| 999 |
_c58899 _d58899 |
||